00691nam a2200217Ia 4500003000900000008004100009020001800050040001600068080002200084245011000106260004200216300001500258650004100273650001900314650002300333650002200356650002200378700002600400700002400426700002300450IN-BaIIA211028s9999 xx 000 0 eng d a90-277-0682-4 cIIA Library a082.2:52bIAU-S73 0aStructure and evolution of close binary systemscedited by Peter Eggleton, Simon Mitton, and John Whelan. aDordrechtbD. Reidel Publishingc1976 axii, 414p. aAstronomy and Astrophysics Thesaurus aBinary systems aClose binary stars aStellar evolution aStellar structure aEggleton, Peter., ed. aMitton, Simon., ed. aWhelan, John., ed.